| 000 | 00354nam a2200145Ia 4500 | ||
|---|---|---|---|
| 005 | 20250612031002.0 | ||
| 008 | 240331s9999 xx 000 0 und d | ||
| 082 |
_a303.6 _bPER |
||
| 100 | _aPerera, J | ||
| 245 | 0 | _aYuddayen saamayata | |
| 260 |
_aColombo _bNational peace council _c1998 |
||
| 300 | _a103 p ., | ||
| 500 | _afrom war to peace | ||
| 942 | _cL | ||
| 999 |
_c1286 _d1286 |
||